Записка тайного советника, почетного мирового судьи… об административной высылке с приложением печатного протокола особой комисс...

RUSMARC
00004724nac2a22003013x 450
00179f61dda-43f5-42a8-991b-1ed1080e81a4
00520240819214839.0
100##$a20240716l1880 k y0rusy50 ca
1010#$arus
102##$aRU
105##$ay z |||||
1220#$ad18801209
1220#$ad1874
2001#$aЗаписка тайного советника, почетного мирового судьи… об административной высылке с приложением печатного протокола особой комиссии 1874 г. по этому вопросу
$j09.12.1880
215##$a6 листов
$d35 х 24,5
251##$cДело
300##$aРукописный и типографский текст
325##$aЗамикрофильмировано
330##$aВходит в раздел описи: Материалы, относящиеся к деятельности Лорис-Меликова М. Т. в Верховной Распорядительной Комиссии
461#0$1001cda3d175-ae4a-411a-8dea-9cc20fb178f6
$12001
$aЛорис-Меликов Михаил Тариелович, граф, министр внутренних дел, главный начальник "верховной распорядительной комиссии по охранению государственного порядка и общественного спокойствия", генерал от кавалерии
$1251
$cФонд
$1852
$j569
462#0$1001163e060a-d7cc-404d-90ee-e28c9801971b
$12001
$aОпись дел фонда М. Т. Лорис-Меликова за 1858-1915 гг.
$vД. 82
$1251
$cОпись
$1852
$j1
605##$3DITM\AF\0000002775
$aВласть
$lколлекция
$2acquisition_prlib
6101#$aТайный советник
$aМировой судья
$aАдминистративная высылка
$aОсобая комиссия
$aПротокол
$a1874 г.
686##$a63.3(2)535-332ю1
$cИстория
$2rubbk
686##$a67.400.6ю1
$cПраво
$2rubbk
801#0$aRU
$bGA_RF
801#1$aRU
$bГлавНИВЦ
$c20240716
$2rusmarc
801#2$aRU
$bПБ им. Б.Н. Ельцина
$c20240819
$gRCR
$2rusmarc
852##$aГА РФ
$j82
937##$d193626532
$hГАРФ
035##$aRuPRLIB51076530
856##$uhttp://readingroom.main.prlib.ru/item.aspx?id_node=n193626532&mode=full
Формат отображения